Statistics for Washington State Islands

Click here to take the quiz!

General Stats

  • This quiz has been taken 27 times
  • The average score is 9 of 14

Answer Stats

CountyPopulationAnswer% Correct
San Juan5,632Orcas
100%
San Juan8,236San Juan
100%
Island67,453Whidbey
95%
Kitsap24,520Bainbridge
82%
San Juan2,596Lopez
73%
King24,470Mercer
73%
King8,919Vashon
73%
Island17,348Camano
64%
Skagit25,289Fidalgo
55%
Whatcom1,060Lummi
55%
Pierce1,338Anderson
45%
Pierce4,113Fox
41%
Mason1,600Harstine
36%
King1,869Maury
36%

Score Distribution

Percentile by Number Answered

Percent of People with Each Score

Your Score History

You have not taken this quiz